[Event "Frankfurt Ch A 2017"]
[Site "Ffm-Höchst, BiKuZ"]
[Date "2017.04.24"]
[Round "1.1"]
[White "Poetsch, Hagen"]
[Black "Worzelberger, Armin"]
[Result "1-0"]
[WhiteElo "2474"]
[BlackElo "1770"]
[Annotator "Schloessner,Henrik"]
[PlyCount "51"]
[EventDate "2017.??.??"]
[WhiteTeam "SF Schöneck"]
[BlackTeam "SC Grunbach"]

1. e4 d6 2. d4 f5 3. Nc3 c6 4. Bd3 e6 5. Nf3 g6 6. O-O Nd7 7. Re1 fxe4 8. Nxe4
Be7 9. Nfg5 Nf8 10. Qf3 Nf6 11. d5 h6 12. Nxe6 Bxe6 13. dxe6 d5 14. Nxf6+ Bxf6
15. e7 Bxe7 16. Qf6 Rg8 17. Bf4 Kd7 18. Qf7 Rh8 19. Bxg6 Nxg6 20. Qf5+ Ke8 21.
Qxg6+ Kd7 22. Qe6+ Ke8 23. Bd6 Rh7 24. Re3 Rf7 25. Rae1 Qd7 26. Qg6 {[%mdl
16384]} 1-0

[Event "Frankfurt Ch A 2017"]
[Site "Ffm-Höchst, BiKuZ"]
[Date "2017.04.24"]
[Round "1.2"]
[White "Weiland, Thomas"]
[Black "Milov, Leonid"]
[Result "0-1"]
[WhiteElo "1767"]
[BlackElo "2391"]
[PlyCount "60"]
[EventDate "2017.??.??"]
[WhiteTeam "SV Oberursel"]
[BlackTeam "SC Noris-Tarrasch Nürnberg"]

1. e4 c5 2. Nf3 e6 3. d4 cxd4 4. Nxd4 Nc6 5. Be3 Nf6 6. Nxc6 bxc6 7. Nd2 d5 8.
Bd3 Be7 9. O-O O-O 10. e5 Nd7 11. f4 g6 12. Nf3 Nc5 13. Nd4 Qc7 14. Be2 Ba6 15.
Bxa6 Nxa6 16. Rf3 Rab8 17. Qe2 Nc5 18. c3 Ne4 19. Rh3 c5 20. Nf3 Qb6 21. Bc1 f6
22. f5 exf5 23. Bh6 Rfd8 24. c4 Qxb2 25. Qf1 fxe5 26. cxd5 Rxd5 27. Re1 Qxa2
28. Ra1 Qc2 29. Rc1 Qd3 30. Qe1 c4 0-1

[Event "Frankfurt Ch A 2017"]
[Site "Ffm-Höchst, BiKuZ"]
[Date "2017.04.24"]
[Round "1.3"]
[White "Prenzler, Daniel"]
[Black "Kautz, Thomas"]
[Result "1-0"]
[WhiteElo "2253"]
[BlackElo "1760"]
[PlyCount "51"]
[EventDate "2017.??.??"]
[WhiteTeam "SC Nied"]
[BlackTeam "SK Niederbrechen"]

1. e4 g6 2. d4 Bg7 3. Nc3 d6 4. Be3 Nf6 5. f3 O-O 6. Qd2 c6 7. O-O-O b5 8. g4
h5 9. gxh5 Nxh5 10. Nce2 Nd7 11. Ng3 Ndf6 12. N1e2 Be6 13. Nxh5 Nxh5 14. Ng3
Kh7 15. Bd3 Bc4 16. Nxh5 gxh5 17. e5+ Kh8 18. Qg2 Bxd3 19. cxd3 f6 20. Rhg1 Rg8
21. Qh3 Qe8 22. e6 c5 23. d5 c4 24. dxc4 Rc8 25. c5 dxc5 26. Qf5 1-0

[Event "Frankfurt Ch A 2017"]
[Site "Ffm-Höchst, BiKuZ"]
[Date "2017.04.24"]
[Round "1.4"]
[White "Wolff, Juergen"]
[Black "Uwira, Oliver"]
[Result "0-1"]
[WhiteElo "1752"]
[BlackElo "2230"]
[PlyCount "64"]
[EventDate "2017.??.??"]
[WhiteTeam "SC Somborn"]
[BlackTeam "SC Nied"]

1. e4 c5 2. Nf3 Nc6 3. d4 cxd4 4. Nxd4 Nf6 5. Nc3 e5 6. Ndb5 d6 7. Bg5 a6 8.
Na3 b5 9. Nd5 Be7 10. Bxf6 Bxf6 11. c3 Bg5 12. Nc2 Rb8 13. Bd3 O-O 14. O-O a5
15. a3 Be6 16. Nce3 Bxe3 17. Nxe3 Ne7 18. Qe2 Qb6 19. Kh1 Rfd8 20. Rad1 Qc6 21.
f3 f6 22. Rd2 a4 23. Rfd1 Nc8 24. Nc2 Bb3 25. Nb4 Qe8 26. Bc2 Bc4 27. Bd3 Nb6
28. Bxc4+ Nxc4 29. Rd3 Rbc8 30. Qf2 Qf7 31. Nd5 Re8 32. Nb6 Qa7 0-1

[Event "Frankfurt Ch A 2017"]
[Site "Ffm-Höchst, BiKuZ"]
[Date "2017.04.24"]
[Round "1.5"]
[White "Minor, Samuel"]
[Black "Diehl, Stefan"]
[Result "1-0"]
[WhiteElo "2186"]
[BlackElo "1749"]
[PlyCount "63"]
[EventDate "2017.??.??"]
[WhiteTeam "Wiesbadener SV"]
[BlackTeam "SC Höchst"]

1. e4 d5 2. exd5 Qxd5 3. Nc3 Qa5 4. d4 Nf6 5. Bc4 Bf5 6. Nf3 e6 7. Qe2 c6 8.
Bd2 Bb4 9. O-O O-O 10. a3 Bxc3 11. Bxc3 Qc7 12. Ba2 Nbd7 13. Ne5 Nxe5 14. dxe5
Ne4 15. g4 Nxc3 16. bxc3 Bg6 17. f4 h6 18. f5 exf5 19. gxf5 Bh7 20. e6 fxe6 21.
fxe6 Qe7 22. Qe5 Rf6 23. Rad1 Rg6+ 24. Kh1 Rg5 25. Qe3 Kh8 26. Rf7 Qc5 27. Rd4
Re5 28. Qg3 Rg5 29. Qe1 Re5 30. Qg3 Rg5 31. e7 Rxg3 32. Rd8+ {Rest fehlt, 1-0 
(39)} 1-0

[Event "Frankfurt Ch A 2017"]
[Site "Ffm-Höchst, BiKuZ"]
[Date "2017.04.24"]
[Round "1.6"]
[White "Benikhis, Avram"]
[Black "Hovsepyan, Vardan"]
[Result "0-1"]
[WhiteElo "1743"]
[BlackElo "2149"]
[PlyCount "36"]
[EventDate "2017.??.??"]
[WhiteTeam "SC Eschbach"]
[BlackTeam "FVS ASP Hoyerswerda"]

1. e4 c5 2. Nf3 e6 3. d4 cxd4 4. Nxd4 Nf6 5. Nc3 Nc6 6. Nxc6 bxc6 7. Bd3 d5 8.
O-O Qb6 9. e5 Nd7 10. Re1 Bc5 11. Qe2 Bd4 12. Nd1 Nxe5 13. Rb1 O-O 14. Be3 Nxd3
15. Qxd3 Qa5 16. c3 Bxe3 17. Rxe3 Qxa2 18. Rh3 f5 0-1

[Event "Frankfurt Ch A 2017"]
[Site "Ffm-Höchst, BiKuZ"]
[Date "2017.04.24"]
[Round "1.7"]
[White "Nehmert, Ulrich"]
[Black "Illenberger, Dirk"]
[Result "1-0"]
[WhiteElo "2144"]
[BlackElo "1737"]
[PlyCount "95"]
[EventDate "2017.??.??"]
[WhiteTeam "Wiesbadener SV"]
[BlackTeam "Berkershm"]

1. e4 c5 2. f4 g6 3. Nf3 Bg7 4. c3 d6 5. d4 cxd4 6. cxd4 Nf6 7. Nc3 O-O 8. Be2
Bg4 9. O-O Nc6 10. Kh1 Rc8 11. d5 Na5 12. e5 Nd7 13. e6 fxe6 14. Ng5 Bxe2 15.
Qxe2 Nc5 16. Nxe6 Nxe6 17. Qxe6+ Kh8 18. Ne4 Qe8 19. Be3 Qf7 20. Ng5 Qxe6 21.
Nxe6 Rf5 22. Rac1 Rxc1 23. Rxc1 h6 24. Nxg7 Kxg7 25. b4 Rxd5 26. bxa5 Rxa5 27.
Rc2 Kf7 28. Kg1 a6 29. Kf2 Kf6 30. g4 Ra4 31. Kf3 h5 32. h3 hxg4+ 33. hxg4 e5
34. Bc1 exf4 35. Bxf4 d5 36. Bc1 Rb4 37. Rc7 Rb1 38. Be3 Rb4 39. g5+ Ke6 40.
Re7+ Kf5 41. Rf7+ Ke5 42. Rf6 Ra4 43. Bf4+ Kd4 44. Rxg6 Rxa2 45. Rb6 Ra3+ 46.
Kg4 Ke4 47. Re6+ Kd4 48. g6 1-0

[Event "Frankfurt Ch A 2017"]
[Site "Ffm-Höchst, BiKuZ"]
[Date "2017.04.24"]
[Round "1.8"]
[White "Hinz, André"]
[Black "Kaliski, Erwin"]
[Result "1/2-1/2"]
[WhiteElo "1729"]
[BlackElo "2129"]
[PlyCount "85"]
[EventDate "2017.??.??"]
[WhiteTeam "SC Brett vorm Kopp"]
[BlackTeam "SC Bad Nauheim"]

1. c4 c6 2. g3 d5 3. Nf3 Nf6 4. Bg2 g6 5. b3 Bg7 6. Bb2 O-O 7. O-O Bf5 8. d3
Nbd7 9. Nbd2 Re8 10. cxd5 cxd5 11. Nh4 Be6 12. Ndf3 Nb6 13. Qd2 Bd7 14. Rac1
Bc6 15. Ne5 Rc8 16. Rc2 Nbd7 17. Nhf3 Nxe5 18. Bxe5 Nd7 19. Bxg7 Kxg7 20. Rfc1
e5 21. Bh3 Qe7 22. d4 f6 23. dxe5 fxe5 24. Ng5 h6 25. Ne6+ Kh7 26. Nc5 Nxc5 27.
Rxc5 Rcd8 28. b4 Qf7 29. b5 Bd7 30. Rc7 Re7 31. Qb4 Rde8 32. Bxd7 Rxd7 33. b6
axb6 34. Qxb6 Rxc7 35. Rxc7 Re7 36. Rxe7 Qxe7 37. a4 h5 38. h4 d4 39. Qb5 Qc7
40. f3 b6 41. Kf2 Kh6 42. Kg2 Kh7 43. Kf2 1/2-1/2

[Event "Frankfurt Ch A 2017"]
[Site "Ffm-Höchst, BiKuZ"]
[Date "2017.04.24"]
[Round "1.9"]
[White "Chandler, Patrick"]
[Black "Krischak, Werner"]
[Result "1-0"]
[WhiteElo "2121"]
[BlackElo "1719"]
[PlyCount "29"]
[EventDate "2017.??.??"]
[WhiteTeam "SC Nied"]
[BlackTeam "SK Marburg"]

1. e4 c6 2. d4 d5 3. e5 Bf5 4. g4 Bd7 5. c3 Qc7 6. Be3 c5 7. Bg2 e6 8. Nd2 Nc6
9. Ne2 cxd4 10. cxd4 Nb4 11. O-O Nd3 12. Qb3 Qb6 13. Rab1 Bb5 14. Nc3 a6 15. a4
1-0

[Event "Frankfurt Ch A 2017"]
[Site "Ffm-Höchst, BiKuZ"]
[Date "2017.04.24"]
[Round "1.10"]
[White "Schmieder, Stefan"]
[Black "Sarközy, Benjamin"]
[Result "0-1"]
[WhiteElo "1709"]
[BlackElo "2106"]
[Annotator "Schloessner,Henrik"]
[PlyCount "76"]
[EventDate "2017.??.??"]
[WhiteTeam "SC Bad Soden"]
[BlackTeam "SC Somborn"]

1. e4 d6 2. d4 Nf6 3. Nc3 g6 4. g3 Bg7 5. Bg2 O-O 6. Nge2 Nbd7 7. O-O c5 8. d5
Rb8 9. a4 b6 10. Bg5 a6 11. Qd2 Re8 12. h4 b5 13. axb5 axb5 14. Bh6 Bh8 15. Nf4
Ng4 16. Nh3 Nxh6 17. Qxh6 Bg7 18. Qd2 Ne5 19. Qe2 Bg4 20. f3 Bd7 21. Rfb1 b4
22. Nd1 Bb5 23. Qe1 b3 24. c3 Bd3 25. Rc1 Bc2 26. Nhf2 c4 27. Ne3 Qb6 28. Kh1
Nd3 29. Nxd3 cxd3 30. Qd2 Qc5 31. Nd1 e6 32. dxe6 Rxe6 33. Bf1 Qh5 34. Kg2 Bh6
35. Ne3 Rf6 36. g4 Qxh4 37. Bxd3 Bf4 38. Qf2 Qh2+ {[%mdl 2048]} 0-1

[Event "Frankfurt Ch A 2017"]
[Site "Ffm-Höchst, BiKuZ"]
[Date "2017.04.24"]
[Round "1.11"]
[White "Neininger, Ralph"]
[Black "Merten, Rainer"]
[Result "1-0"]
[WhiteElo "2101"]
[BlackElo "1709"]
[Annotator "Schloessner,Henrik"]
[PlyCount "69"]
[EventDate "2017.??.??"]
[WhiteTeam "Frankfurter TV"]
[BlackTeam "SV Frankfurt Nord"]

1. d4 d5 2. Nf3 Nf6 3. c4 c6 4. Nc3 e6 5. e3 Nbd7 6. Qc2 Be7 7. b3 O-O 8. Bd3
h6 9. O-O b6 10. Bb2 Bb7 11. Rad1 Rc8 12. Qe2 Re8 13. e4 dxe4 14. Nxe4 Qc7 15.
Ng3 Bd6 16. Ne5 Rcd8 17. Kh1 Be7 18. Rfe1 Bb4 19. Rf1 Be7 20. f4 a6 21. Nh5 Bf8
22. Nxd7 Nxd7 23. Qg4 Re7 24. d5 f5 25. Qg6 cxd5 26. Nf6+ Nxf6 27. Bxf6 Ree8
28. Bxd8 Qxd8 29. Rfe1 Bc5 30. Bxf5 Bc8 31. cxd5 e5 32. Qh7+ Kf8 33. Bxc8 Qxc8
34. Rxe5 Be7 35. d6 {[%mdl 128]} 1-0

[Event "Frankfurt Ch A 2017"]
[Site "Ffm-Höchst, BiKuZ"]
[Date "2017.04.24"]
[Round "1.13"]
[White "Koch, Markus"]
[Black "Stoll, Ulrich"]
[Result "1-0"]
[WhiteElo "2066"]
[BlackElo "1704"]
[Annotator "Schloessner,Henrik"]
[PlyCount "89"]
[EventDate "2017.??.??"]
[WhiteTeam "SC Brett vorm Kopp"]
[BlackTeam "Bad Vilbeler Sfr"]

1. d4 d5 2. c4 Bf5 3. cxd5 Bxb1 4. Qa4+ Qd7 5. Qxd7+ Nxd7 6. Rxb1 Ngf6 7. f3
Nxd5 8. a3 e6 9. e4 N5f6 10. Be3 c6 11. Ne2 Nb6 12. Nc3 Be7 13. Be2 h6 14. O-O
O-O 15. b4 Rfd8 16. a4 Nbd7 17. f4 a6 18. Rfc1 Rac8 19. g4 Nh7 20. Kg2 g5 21.
f5 exf5 22. gxf5 f6 23. h4 Bd6 24. Rh1 Kg7 25. a5 Re8 26. Bd3 Rf8 27. Na4 Bc7
28. Bd2 Rfd8 29. Bc3 Bf4 30. Nc5 Nxc5 31. bxc5 Rc7 32. Kf3 Be5 33. Ke3 Rcd7 34.
Rb4 Bf4+ 35. Ke2 Re7 36. Kf3 Be5 37. Bc2 Bf4 38. Rhb1 Rdd7 39. hxg5 hxg5 40.
Bb3 Nf8 41. Bc4 Rc7 42. Rh1 Rc8 43. e5 fxe5 44. dxe5 Bxe5 45. Rxb7 {[%mdl 64]}
1-0

[Event "Frankfurt Ch A 2017"]
[Site "Ffm-Höchst, BiKuZ"]
[Date "2017.04.24"]
[Round "1.15"]
[White "Rolf, Marco"]
[Black "Henrich, Frederik"]
[Result "1-0"]
[WhiteElo "2038"]
[BlackElo "1693"]
[Annotator "Schloessner,Henrik"]
[PlyCount "71"]
[EventDate "2017.??.??"]
[WhiteTeam "SK Bad Homburg"]
[BlackTeam "SV Hofheim"]

1. d4 Nf6 2. c4 g6 3. Nc3 Bg7 4. Nf3 d6 5. Bf4 O-O 6. e3 Nbd7 7. Be2 Re8 8. O-O
Nh5 9. Bg5 Nhf6 10. h3 e5 11. Rc1 c6 12. b4 Qc7 13. Nd2 h6 14. Bh4 Nh7 15. d5
f5 16. c5 dxc5 17. dxc6 bxc6 18. Bc4+ Kf8 19. Qb3 Ndf6 20. bxc5 Rb8 21. Qc2 Bd7
22. Rfd1 Qa5 23. Nb3 Qc7 24. Rd6 Rbd8 25. Rcd1 Bc8 26. Qd2 Rd7 27. g4 Rde7 28.
Qd3 g5 29. Bg3 fxg4 30. Qg6 Be6 31. Bxe5 Bf7 32. Bxf7 Rxf7 33. Rxf6 Rxf6 34.
Qxe8+ Kxe8 35. Bxc7 Ke7 36. Bd8+ {[%mdl 64]} 1-0

[Event "Frankfurt Ch A 2017"]
[Site "Ffm-Höchst, BiKuZ"]
[Date "2017.04.24"]
[Round "1.16"]
[White "Leichum, Engelbert"]
[Black "Rondonuwu, Grover"]
[Result "0-1"]
[WhiteElo "1688"]
[BlackElo "2036"]
[PlyCount "64"]
[EventDate "2017.??.??"]
[WhiteTeam "vereinslos"]
[BlackTeam "Frankfurter TV"]

1. e4 c5 2. d4 cxd4 3. c3 d3 4. Bxd3 Nc6 5. Nf3 Qc7 6. Be3 Nf6 7. Nbd2 d6 8. h3
e6 9. Bg5 Be7 10. b4 a6 11. a4 O-O 12. b5 Ne5 13. Nxe5 dxe5 14. Bxf6 Bxf6 15.
Qc2 Bd7 16. O-O Rfc8 17. c4 g6 18. Nf3 axb5 19. axb5 Rxa1 20. Rxa1 Bxb5 21. Rc1
Bc6 22. Qe2 Ra8 23. g4 Ra3 24. h4 Qd8 25. Rd1 Bxh4 26. Nxe5 Ba4 27. Rd2 Bg5 28.
Ra2 Rxa2 29. Qxa2 Be8 30. Qc2 Bf4 31. Nf3 Bc6 32. Nh4 Qxh4 0-1

[Event "Frankfurt Ch A 2017"]
[Site "Ffm-Höchst, BiKuZ"]
[Date "2017.04.24"]
[Round "1.18"]
[White "Adair, Robin"]
[Black "Medvedovski, Michael"]
[Result "0-1"]
[WhiteElo "1685"]
[BlackElo "2029"]
[PlyCount "98"]
[EventDate "2017.??.??"]
[WhiteTeam "SC Nidderau"]
[BlackTeam "Frankfurter TV"]

1. d4 d5 2. Nf3 c5 3. g3 Nc6 4. Bg2 Nf6 5. O-O e6 6. Bg5 h6 7. Bf4 Qb6 8. dxc5
Bxc5 9. Bc1 Ne4 10. e3 O-O 11. a3 a5 12. c4 dxc4 13. Qc2 Nd6 14. Nbd2 e5 15.
Nxc4 Nxc4 16. Qxc4 Be6 17. Qh4 Rad8 18. Kh1 f5 19. Nd2 Qb5 20. b4 axb4 21. axb4
Nxb4 22. Rb1 Rd7 23. Ba3 e4 24. Bxb4 Bxb4 25. Nb3 Be7 26. Nd4 Qxb1 27. Rxb1
Bxh4 28. Nxe6 Rc8 29. Nd4 Bf6 30. Nxf5 h5 31. Bh3 Rd2 32. Kg2 g6 33. Rb6 Rf8
34. Nd6 Bd8 35. Nxe4 Rdxf2+ 36. Nxf2 Bxb6 37. Be6+ Kg7 38. Bd5 Bxe3 39. Nd1 Bd4
40. Bxb7 g5 41. h3 g4 42. hxg4 hxg4 43. Ba6 Kg6 44. Bd3+ Kg5 45. Be4 Rf6 46.
Bh7 Rf3 47. Be4 Ra3 48. Bd5 Rd3 49. Nf2 Rd2 0-1

[Event "Frankfurt Ch A 2017"]
[Site "Ffm-Höchst, BiKuZ"]
[Date "2017.04.24"]
[Round "1.19"]
[White "Zweschper, Erich"]
[Black "Ackermann, Robert"]
[Result "1-0"]
[WhiteElo "2016"]
[BlackElo "1683"]
[PlyCount "71"]
[EventDate "2017.??.??"]
[WhiteTeam "SVG Eppstein"]
[BlackTeam "SC Bad Soden"]

1. d4 Nf6 2. Nf3 g6 3. c4 Bg7 4. Nc3 O-O 5. e4 d6 6. h3 e5 7. Be3 Nc6 8. d5 Ne7
9. g4 a6 10. Qd2 Bd7 11. Bd3 c6 12. a4 cxd5 13. cxd5 Nc8 14. Bg5 Qe8 15. Nh4
Rb8 16. b4 b5 17. a5 Ne7 18. Ne2 Rb7 19. Qe3 Qb8 20. Qf3 Nfxd5 21. exd5 f6 22.
Bd2 f5 23. gxf5 Nxf5 24. Bxf5 Bxf5 25. Nxf5 Rxf5 26. Qe4 Rc7 27. Rc1 Rxc1+ 28.
Bxc1 Qc8 29. Be3 Rh5 30. h4 Rf5 31. Kd2 Qf8 32. Ng3 Rf3 33. Ke2 Rf7 34. h5 g5
35. Rc1 Bh6 36. Qg4 1-0

[Event "Frankfurt Ch A 2017"]
[Site "Ffm-Höchst, BiKuZ"]
[Date "2017.04.24"]
[Round "1.20"]
[White "Zeyen, Helmut"]
[Black "Calvi, Stefan"]
[Result "0-1"]
[WhiteElo "1682"]
[BlackElo "2016"]
[PlyCount "108"]
[EventDate "2017.??.??"]
[WhiteTeam "Wiesbadener SV"]
[BlackTeam "SF Frankfurt"]

1. e4 c5 2. Nc3 Nc6 3. f4 g6 4. Nf3 Bg7 5. Bb5 Nd4 6. Bc4 e6 7. Nb5 Nxb5 8.
Bxb5 Ne7 9. Be2 O-O 10. O-O d5 11. e5 d4 12. d3 Bd7 13. Ng5 Bc6 14. Bf3 Qc7 15.
b3 b5 16. Bd2 Rfd8 17. Bxc6 Qxc6 18. Qf3 Qxf3 19. Rxf3 Bf8 20. g4 Nd5 21. Raf1
h6 22. Ne4 Re8 23. g5 h5 24. Nf6+ Nxf6 25. gxf6 a5 26. Rg3 Kh7 27. Rh3 Bh6 28.
Kf2 a4 29. Ke2 axb3 30. axb3 Ra2 31. Kd1 Rea8 32. Bc1 Ra1 33. Kd2 Rxc1 34. Rxc1
Bxf4+ 35. Kd1 Bxc1 36. Kxc1 Rd8 37. Rg3 Rd5 38. Rg5 h4 39. Rg4 Rxe5 40. b4 g5
41. bxc5 Rxc5 42. Rxd4 Kg6 43. Re4 Kxf6 44. Kd2 Kf5 45. h3 f6 46. c3 e5 47. Re1
Kg6 48. Re4 f5 49. d4 exd4 50. Rxd4 Kh5 51. Kc2 g4 52. hxg4+ fxg4 53. Kb3 h3
54. Rd3 h2 0-1

[Event "Frankfurt Ch A 2017"]
[Site "Ffm-Höchst, BiKuZ"]
[Date "2017.04.24"]
[Round "1.21"]
[White "Nagelsdiek, Ralf"]
[Black "John, Volkmar"]
[Result "1-0"]
[WhiteElo "2003"]
[BlackElo "1673"]
[PlyCount "55"]
[EventDate "2017.??.??"]
[WhiteTeam "SC Bad Soden"]
[BlackTeam "SK Herborn"]

1. c4 e6 2. Nf3 d5 3. e3 Nf6 4. b3 Be7 5. Bb2 O-O 6. Be2 c5 7. O-O b6 8. cxd5
Nxd5 9. Na3 Bb7 10. Nc4 Nc6 11. d4 cxd4 12. Nxd4 Bf6 13. Bf3 Nxd4 14. Bxd4 Bxd4
15. Qxd4 Qe7 16. e4 Nb4 17. Qd6 Qxd6 18. Nxd6 Ba6 19. Rfd1 e5 20. Rac1 Nd3 21.
Rc7 Nf4 22. g3 Ne6 23. Re7 Nd4 24. Kg2 f6 25. Nf5 Nxf5 26. exf5 Rfe8 27. Bxa8
Rxe7 28. Rd8+ 1-0

[Event "Frankfurt Ch A 2017"]
[Site "Ffm-Höchst, BiKuZ"]
[Date "2017.04.24"]
[Round "1.22"]
[White "Bergmann, Michael"]
[Black "Bennedik, Martin"]
[Result "0-1"]
[WhiteElo "1666"]
[BlackElo "2003"]
[PlyCount "36"]
[EventDate "2017.??.??"]
[WhiteTeam "SF Frankfurt"]
[BlackTeam "SV Frankfurt Nord"]

1. e4 e5 2. Nf3 Nc6 3. d4 exd4 4. Nxd4 Nf6 5. Nc3 Bb4 6. Nxc6 bxc6 7. Bd3 d5 8.
exd5 cxd5 9. O-O O-O 10. Bg5 c6 11. Bxh7+ Kxh7 12. f4 Bf5 13. Bh4 Qd6 14. Rf3
Bg4 15. Qd3+ Ne4 16. f5 Bxf3 17. Qxf3 Rfe8 18. Rd1 Qh6 0-1

[Event "Frankfurt Ch A 2017"]
[Site "Ffm-Höchst, BiKuZ"]
[Date "2017.04.24"]
[Round "1.23"]
[White "Fucik, Timo"]
[Black "Rauscher, Joachim"]
[Result "1-0"]
[WhiteElo "2003"]
[BlackElo "1666"]
[PlyCount "95"]
[EventDate "2017.??.??"]
[WhiteTeam "SK Ettlingen"]
[BlackTeam "SC Brett vorm Kopp"]

1. d4 d5 2. c4 e6 3. Nf3 Nf6 4. Nc3 Be7 5. Bg5 O-O 6. e3 h6 7. Bh4 b6 8. Rc1
Bb7 9. cxd5 Nxd5 10. Bxe7 Qxe7 11. Bd3 Nc6 12. O-O Nf6 13. a3 Rfd8 14. Ne4 a6
15. Qa4 Nxe4 16. Bxe4 Na5 17. Bxb7 Nxb7 18. Qc6 Nd6 19. Qxc7 Qxc7 20. Rxc7 Rac8
21. Rfc1 Rxc7 22. Rxc7 Kf8 23. Kf1 Rc8 24. Rxc8+ Nxc8 25. Ke2 Ke7 26. Kd3 Nd6
27. Ne5 f5 28. b4 g5 29. a4 Ne4 30. f3 Nd6 31. Nc6+ Kf6 32. Nb8 h5 33. Nxa6 e5
34. Nb8 e4+ 35. fxe4 fxe4+ 36. Ke2 Ke6 37. a5 bxa5 38. bxa5 Nb5 39. Na6 Nc3+
40. Kd2 Nd5 41. Nc5+ Kf5 42. a6 h4 43. a7 Nb6 44. h3 Na8 45. Kc3 g4 46. hxg4+
Kxg4 47. Nxe4 Kf5 48. Nf2 1-0

[Event "Frankfurt Ch A 2017"]
[Site "Ffm-Höchst, BiKuZ"]
[Date "2017.04.24"]
[Round "1.24"]
[White "Wagner, Günter"]
[Black "Bischoff, Ulrich"]
[Result "0-1"]
[WhiteElo "1666"]
[BlackElo "1981"]
[PlyCount "43"]
[EventDate "2017.??.??"]
[WhiteTeam "SV Groß-Gerau"]
[BlackTeam "Sfr. Erbach"]

1. Nf3 d5 2. c4 e6 3. g3 Nf6 4. Bg2 c5 5. O-O Nc6 6. b3 Be7 7. Bb2 O-O 8. d3 d4
9. e3 e5 10. e4 Bd7 11. Na3 Qc8 12. Nc2 Ne8 13. a3 a5 14. Bc1 f5 15. Bg5 Bxg5
16. Nxg5 f4 17. Qd2 Qd8 18. Nf3 Qe7 19. h3 Nc7 20. Kh2 Ne6 21. Ng1 Qg5 22. h4
0-1

[Event "Frankfurt Ch A 2017"]
[Site "Ffm-Höchst, BiKuZ"]
[Date "2017.04.24"]
[Round "1.25"]
[White "Teschler, Ulrich"]
[Black "Koch, Thomas"]
[Result "1-0"]
[WhiteElo "1973"]
[BlackElo "1662"]
[PlyCount "51"]
[EventDate "2017.??.??"]
[WhiteTeam "SV Fechenheim"]
[BlackTeam "SV Ffm-Griesheim"]

1. e4 e6 2. d3 d5 3. Nc3 Nf6 4. e5 Nfd7 5. f4 c5 6. Nf3 Nc6 7. g3 Nb6 8. Bg2
Be7 9. O-O O-O 10. a4 a6 11. b3 f6 12. Ba3 fxe5 13. fxe5 Nd7 14. Qe2 b6 15.
Rae1 Qe8 16. Nb1 Bb7 17. Nbd2 b5 18. c4 b4 19. Bb2 d4 20. Bh3 Qg6 21. Qe4 Qh6
22. Qg4 Rf5 23. Bc1 Ncxe5 24. Nxe5 Nxe5 25. Rxe5 Rxf1+ 26. Nxf1 1-0

[Event "Frankfurt Ch A 2017"]
[Site "Ffm-Höchst, BiKuZ"]
[Date "2017.04.24"]
[Round "1.26"]
[White "Stricker, Konstantin"]
[Black "Kuhn, Gerhard"]
[Result "0-1"]
[WhiteElo "1660"]
[BlackElo "1962"]
[PlyCount "120"]
[EventDate "2017.??.??"]
[WhiteTeam "SC Eschbach"]
[BlackTeam "SK Marburg"]

1. e4 c6 2. d4 d5 3. Nc3 dxe4 4. Nxe4 Bf5 5. Ng3 Bg6 6. Nf3 Nd7 7. Bd3 Ngf6 8.
Bxg6 hxg6 9. c3 e6 10. Qc2 Qc7 11. h3 Bd6 12. Ne4 Nxe4 13. Qxe4 Nf6 14. Qe2
O-O-O 15. Bg5 Rde8 16. Ne5 Rh5 17. Bxf6 gxf6 18. Ng4 Be7 19. O-O-O Ra5 20. Kb1
Rd8 21. Ne3 Qf4 22. g3 Qc7 23. Rd2 Rh8 24. h4 Rah5 25. Rdd1 R5h7 26. Qf3 f5 27.
Nc4 Qd8 28. Ne5 Qd5 29. Qxd5 cxd5 30. f4 Bf6 31. Nf3 Kd7 32. Kc2 b5 33. a3 Rc8
34. Kd3 Rhh8 35. Rh2 Rc7 36. Rc1 a6 37. Rhc2 Rb8 38. Ne1 a5 39. Nf3 Bg7 40. Ne1
f6 41. Nf3 Bf8 42. Ne1 Be7 43. Nf3 Rg8 44. Rg1 Rcc8 45. Rh1 Rh8 46. Rg1 Bd6 47.
Re1 Rc6 48. Rce2 Be7 49. Rc2 Rb8 50. Rb1 Rcb6 51. Rh2 b4 52. axb4 axb4 53. cxb4
Rxb4 54. Rc2 Bd8 55. Nd2 R8b5 56. Nf3 Rb3+ 57. Ke2 Ba5 58. Nd2 Rxg3 59. Nf3 Rb3
60. Rf1 Bc7 0-1

[Event "Frankfurt Ch A 2017"]
[Site "Ffm-Höchst, BiKuZ"]
[Date "2017.04.24"]
[Round "1.27"]
[White "Gräbner, Walter"]
[Black "Thede, Stefan"]
[Result "1/2-1/2"]
[WhiteElo "1944"]
[BlackElo "1649"]
[PlyCount "42"]
[EventDate "2017.??.??"]
[WhiteTeam "SC Nied"]
[BlackTeam "SV Frankfurt Nord"]

1. d4 d6 2. Nf3 Nf6 3. Bf4 g6 4. e3 Bg7 5. Bd3 O-O 6. h3 c6 7. c3 Re8 8. Nbd2
e5 9. Bg5 Qc7 10. Qc2 Nbd7 11. Bxf6 Nxf6 12. O-O Qe7 13. dxe5 dxe5 14. Bc4 Nd5
15. Rfd1 e4 16. Nh2 Kh8 17. Bf1 f5 18. g3 Be5 19. Nc4 Bc7 20. Re1 b5 21. Nd2 h5
1/2-1/2

[Event "Frankfurt Ch A 2017"]
[Site "Ffm-Höchst, BiKuZ"]
[Date "2017.04.24"]
[Round "1.28"]
[White "Hambel, Christoph"]
[Black "Rutsatz, Mario"]
[Result "1/2-1/2"]
[WhiteElo "1637"]
[BlackElo "1943"]
[PlyCount "91"]
[EventDate "2017.??.??"]
[WhiteTeam "Bad Vilbeler Sfr"]
[BlackTeam "SF Frankfurt"]

1. e4 e6 2. d4 d5 3. Nd2 Nf6 4. e5 Nfd7 5. c3 c5 6. Ngf3 Nc6 7. Bd3 g6 8. O-O
Qb6 9. dxc5 Nxc5 10. Bc2 a5 11. Re1 Bd7 12. Nb3 a4 13. Nbd4 Bg7 14. Rb1 O-O 15.
Bf4 Qa5 16. Qd2 b5 17. Bg5 Nxd4 18. Nxd4 Rfc8 19. Re3 Rab8 20. Rh3 Bxe5 21. Bf4
Qc7 22. Bxe5 Qxe5 23. Nf3 Qg7 24. Ng5 h6 25. Nxf7 Kxf7 26. Rxh6 Ne4 27. Bxe4
dxe4 28. Qxd7+ Kf6 29. Qxg7+ Kxg7 30. Rh3 b4 31. cxb4 Rxb4 32. g4 Rc2 33. Ra3
Rd4 34. Kg2 Rdd2 35. Re1 Rxf2+ 36. Kg3 Rxb2 37. Rxe4 Rg2+ 38. Kf4 Rxa2 39.
Raxa4 Rxa4 40. Rxa4 Rxh2 41. Ra7+ Kf8 42. Ke5 Rg2 43. Kf6 Rf2+ 44. Kxe6 Rf4 45.
g5 Rf5 46. Ra8+ 1/2-1/2

[Event "Frankfurt Ch A 2017"]
[Site "Ffm-Höchst, BiKuZ"]
[Date "2017.04.24"]
[Round "1.29"]
[White "Egenolf, Dirk"]
[Black "Fischer, Lutz"]
[Result "1-0"]
[WhiteElo "1939"]
[BlackElo "1609"]
[PlyCount "75"]
[EventDate "2017.??.??"]
[WhiteTeam "SK Niederbrechen"]
[BlackTeam "SF Frankfurt"]

1. e4 e6 2. d3 Bc5 3. Nf3 d5 4. e5 Ne7 5. a4 a5 6. c3 Ba7 7. Na3 c6 8. d4 Nd7
9. Bd3 Ng6 10. h4 h5 11. Bxg6 fxg6 12. Qc2 Nf8 13. b4 axb4 14. cxb4 Qe7 15. Rb1
Bd7 16. O-O Rc8 17. Qd3 Qf7 18. b5 cxb5 19. Nxb5 Bxb5 20. Qxb5+ Nd7 21. Qxb7
Rb8 22. Qc6 O-O 23. Rxb8 Nxb8 24. Qb5 Rc8 25. Be3 Qd7 26. Qxd7 Nxd7 27. Rb1 Rb8
28. Rxb8+ Nxb8 29. Ng5 Nc6 30. Nxe6 Kf7 31. Ng5+ Ke7 32. Nf3 Ke6 33. Kf1 Na5
34. Ke2 Bb6 35. Nd2 Nc6 36. Kd3 Nb4+ 37. Kc3 Ba5 38. Nb3 1-0

[Event "Frankfurt Ch A 2017"]
[Site "Ffm-Höchst, BiKuZ"]
[Date "2017.04.24"]
[Round "1.30"]
[White "Imelmann, Esther"]
[Black "Moldenhauer, Jürgen"]
[Result "0-1"]
[WhiteElo "1597"]
[BlackElo "1939"]
[PlyCount "102"]
[EventDate "2017.??.??"]
[WhiteTeam "Vorw.Orient Mainz"]
[BlackTeam "SK Weinheim"]

1. d4 d5 2. c4 c6 3. Nc3 Nf6 4. Nf3 dxc4 5. e3 b5 6. a4 Nd5 7. Ne5 Nxc3 8. Qf3
Qd5 9. bxc3 Qxf3 10. gxf3 f6 11. Nxc6 Nxc6 12. axb5 Nd8 13. Bxc4 Bb7 14. Be2 e6
15. Bd2 Be7 16. c4 a6 17. b6 Nc6 18. c5 Kf7 19. Bc3 Rhd8 20. O-O e5 21. Bc4+
Kf8 22. d5 Bxc5 23. dxc6 Bxc6 24. Rfb1 Bxf3 25. Bxa6 Rab8 26. Ba5 Bb7 27. Bxb7
Rxb7 28. Rb5 Be7 29. Rc1 Rdb8 30. Rd5 Ke8 31. Kg2 Bd8 32. Rc6 Bxb6 33. Bxb6
Rxb6 34. Rc7 R8b7 35. Rdd7 Rxc7 36. Rxc7 Kf8 37. Kf3 Rb1 38. Rd7 Rg1 39. Ra7 h5
40. Ra4 Kf7 41. Rh4 Kg6 42. Rh3 Rg4 43. Ke2 e4 44. Kd2 Kg5 45. Ke2 h4 46. f3
Rg2+ 47. Kf1 exf3 48. Rxf3 Rxh2 49. e4 Kg4 50. Rf5 h3 51. Rb5 Kf3 0-1